000 00717nam a2200265Ia 4500
005 20260302115435.0
008 008 260114s9999 xx 000 0 eng d
020 _a9781350343238
037 _aTextbook
040 _aCRL
040 _beng
040 _cCRL
041 _2eng
041 _aeng
084 _qCRL
100 _aDeanne Williams
_91121638
245 0 _aGirl Culture in the Middle Ages and Renaissance Performance and Pedagogy
260 _bBloomsbury
260 _bThe Arden Shakespeare
260 _c2023
650 _aLiterary Studies
856 _uhttps://doi.org/10.5040/9781350343238?locatt=label:secondary_bloomsburyCollections
942 _cEBOOK
999 _c1686223
_d1686223